000 00458nam a2200181Ia 4500
003 GCL
008 140319s9999 xx 000 0 eng d
040 _aGCL /
_cGCL
082 0 4 _aCC
_b050.941
_bI A
100 1 _aIFAO
245 1 0 _aANNALES ISLAMOLOIQUES: ANNUAL, TOME 23.1987 /
_cIFAO
260 _a[S.N] :
_bI.F.A.O ،
_c1987
300 _a154 PP
650 0 4 _aحوادث المرور
650 0 4 _aHISTORY
650 0 4 _aPERIODICALS
942 _2ddc
_cBK
999 _c17805
_d17805